{"text_format":"2","workbook":"xlsx","n_sheets":1,"sheets":["Sheet"],"not_rendered":{"charts":0,"images":0,"macros":0,"external_links":0,"defined_names":1,"comments":0,"pivot_tables":0},"unopened":[],"bounds":{"document_bytes":16777216,"sheet_cells":100000,"run_cost":"one","rows_first":2000,"rows_last":500,"rows_between":2000,"halvings":0,"cell_chars":16384,"cell_head_chars":4096},"cells_cut":0,"cells_raw":0,"read":"whole","date_system":"1900"}

{"sheet":"Sheet","index":0,"n_rows":110,"n_cols":16,"rows_kept":110,"cut":false,"hidden":false,"merged":[]}
["Partener","Punct de lucru","Nr.","Tip","Data","Data scadenta","Agent","Depozit","Cod articol","Denumire","Cantitate","UM","Pret","Valoare","Valoare TVA","Total"]
["ATLAS DIGITAL SA","Sediu social","INV1925","Factura cumparare UE","2023-05-04","2023-05-09","PAKAI ANDREI","","ROINEUV4-BK","ROLAND EUV4 BK",14,"Buc",300,4200,798,4200]
["ATLAS DIGITAL SA","Sediu social","INV1925","Factura cumparare UE","2023-05-04","2023-05-09","PAKAI ANDREI","","ROINEUV4-CY","ROLAND EUV4 CY",10,"Buc",300,3000,570,3000]
["ATLAS DIGITAL SA","Sediu social","INV1925","Factura cumparare UE","2023-05-04","2023-05-09","PAKAI ANDREI","","ROINEUV4-GL","ROLAND EUV4 GL",20,"Buc",300,6000,1140,6000]
["ATLAS DIGITAL SA","Sediu social","INV1925","Factura cumparare UE","2023-05-04","2023-05-09","PAKAI ANDREI","","ROINEUV4-MG","ROLAND EUV4 MG",18,"Buc",300,5400,1026,5400]
["ATLAS DIGITAL SA","Sediu social","INV1925","Factura cumparare UE","2023-05-04","2023-05-09","PAKAI ANDREI","","ROINEUV4-YE","ROLAND EUV4 YE",13,"Buc",300,3900,741,3900]
["ATLAS DIGITAL SA","Sediu social","INV1925","Factura cumparare UE","2023-05-04","2023-05-09","PAKAI ANDREI","","ROINEUV4-WH","ROLAND EUV4 WH",75,"Buc",300,22500,4275,22500]
["ATLAS DIGITAL SA","Sediu social","INV1925","Factura cumparare UE","2023-05-04","2023-05-09","PAKAI ANDREI","","ROINTE2-5BK","ROLAND TE2 INK BK 500cc",20,"Buc",205,4100,779,4100]
["ATLAS DIGITAL SA","Sediu social","INV1925","Factura cumparare UE","2023-05-04","2023-05-09","PAKAI ANDREI","","ROINTE2-5CY","ROLAND TE2 INK CY 500cc",18,"Buc",205,3690,701.1,3690]
["ATLAS DIGITAL SA","Sediu social","INV1925","Factura cumparare UE","2023-05-04","2023-05-09","PAKAI ANDREI","","ROINTE2-5MG","ROLAND TE2 INK MG 500cc",20,"Buc",205,4100,779,4100]
["ATLAS DIGITAL SA","Sediu social","INV1925","Factura cumparare UE","2023-05-04","2023-05-09","PAKAI ANDREI","","ROINTE2-7CY","ROLAND TE2 INK CY 750cc",8,"Buc",285,2280,433.2,2280]
["ATLAS DIGITAL SA","Sediu social","INV1925","Factura cumparare UE","2023-05-04","2023-05-09","PAKAI ANDREI","","ROINTE2-7MG","ROLAND TE2 INK MG 750cc",14,"Buc",285,3990,758.1,3990]
["ATLAS DIGITAL SA","Sediu social","INV1925","Factura cumparare UE","2023-05-04","2023-05-09","PAKAI ANDREI","","ROCA-15TNDC1052PB","ROLAND TOOL HOLDER 15T-NDC10-52PB",4,"Buc",1800,7200,1368,7200]
["ATLAS DIGITAL SA","Sediu social","INV1925","Factura cumparare UE","2023-05-04","2023-05-09","PAKAI ANDREI","","YCC10-6","ROLAND COLLET YCC10-6, DIA 6.0-5.0 FOR NDC10",2,"Buc",415,830,157.69999999999999,830]
["ATLAS DIGITAL SA","Sediu social","INV1925","Factura cumparare UE","2023-05-04","2023-05-09","PAKAI ANDREI","","ROEQ-GR2640","ROLAND GR2-640 CUTTER 64\"",1,"Buc",18300,18300,3477,18300]
["ATLAS DIGITAL SA","Sediu social","INV1927","Factura cumparare UE","2023-05-04","2023-05-09","PAKAI ANDREI","","ROEQ-AP640","ROLAND AP-640 RESIN PRINTER 64\", Incl. Take-Up",1,"Buc",66433.5,66433.5,12622.35,66433.5]
["ATLAS DIGITAL SA","Sediu social","INVDN39060","Factura cumparare UE","2023-05-10","2023-05-15","PAKAI ANDREI","","ROINEUV4-GL","ROLAND EUV4 GL",2,"Buc",300,600,114,600]
["ATLAS DIGITAL SA","Sediu social","INVDN39060","Factura cumparare UE","2023-05-10","2023-05-15","PAKAI ANDREI","","ROINTE2-5YE","ROLAND TE2 INK YE 500cc",5,"Buc",205,1025,194.75,1025]
["ATLAS DIGITAL SA","Sediu social","INVDN39060","Factura cumparare UE","2023-05-10","2023-05-15","PAKAI ANDREI","","ROINEUV4-MG","ROLAND EUV4 MG",7,"Buc",300,2100,399,2100]
["ATLAS DIGITAL SA","Sediu social","INVDN39060","Factura cumparare UE","2023-05-10","2023-05-15","PAKAI ANDREI","","ROINTE2-5BK","ROLAND TE2 INK BK 500cc",2,"Buc",205,410,77.900000000000006,410]
["ATLAS DIGITAL SA","Sediu social","INVDN39060","Factura cumparare UE","2023-05-10","2023-05-15","PAKAI ANDREI","","ROINTE2-5CY","ROLAND TE2 INK CY 500cc",2,"Buc",205,410,77.900000000000006,410]
["ATLAS DIGITAL SA","Sediu social","INVDN39060","Factura cumparare UE","2023-05-10","2023-05-15","PAKAI ANDREI","","ROINTE2-7BK","ROLAND TE2 INK BK 750cc",2,"Buc",285,570,108.3,570]
["ATLAS DIGITAL SA","Sediu social","INVDN39060","Factura cumparare UE","2023-05-10","2023-05-15","PAKAI ANDREI","","1000007062","ROLAND PAD,CUTTER GX-640",3,"Buc",110.5,331.5,63,331.5]
["ATLAS DIGITAL SA","Sediu social","INVDN39060","Factura cumparare UE","2023-05-10","2023-05-15","PAKAI ANDREI","","ROINTE2-7YE","ROLAND TE2 INK YE 750cc",3,"Buc",285,855,162.44999999999999,855]
["ATLAS DIGITAL SA","Sediu social","INVDN39060","Factura cumparare UE","2023-05-10","2023-05-15","PAKAI ANDREI","","6701409010","ROLAND ASSY,HEAD INKJET VS-640",1,"Buc",7275,7275,1382.25,7275]
["ATLAS DIGITAL SA","Sediu social","INVDN39060","Factura cumparare UE","2023-05-10","2023-05-15","PAKAI ANDREI","","6000005180","ROLAND ASSY,HEAD INKJET SV LEF2-300",2,"Buc",2565,5130,974.7,5130]
["ATLAS DIGITAL SA","Sediu social","INVDN39060","Factura cumparare UE","2023-05-10","2023-05-15","PAKAI ANDREI","","6000005213","ROLAND ASSY,HEAD INKJET SOL XC-540 SV2",2,"Buc",2255,4510,856.9,4510]
["ATLAS DIGITAL SA","Sediu social","INVDN39060","Factura cumparare UE","2023-05-10","2023-05-15","PAKAI ANDREI","","ROINTE2-5YE","ROLAND TE2 INK YE 500cc",5,"Buc",205,1025,194.75,1025]
["ATLAS DIGITAL SA","Sediu social","INVDN39060","Factura cumparare UE","2023-05-10","2023-05-15","PAKAI ANDREI","","ROCAMPH-90","ROLAND MPH-90",2,"Buc",1192.5,2385,453.15,2385]
["ATLAS DIGITAL SA","Sediu social","INVDN39060","Factura cumparare UE","2023-05-10","2023-05-15","PAKAI ANDREI","","ROINSBL3-MG","ROLAND TEXART INK 1L MG",3,"Buc",285,855,162.44999999999999,855]
["ATLAS DIGITAL SA","Sediu social","INVDN39060","Factura cumparare UE","2023-05-10","2023-05-15","PAKAI ANDREI","","ROINSBL3-YE","ROLAND TEXART INK 1L YE",3,"Buc",285,855,162.44999999999999,855]
["ATLAS DIGITAL SA","Sediu social","INVDN39060","Factura cumparare UE","2023-05-10","2023-05-15","PAKAI ANDREI","","ROINEUV-PR","ROLAND EUV PR",2,"Buc",330,660,125.4,660]
["ATLAS DIGITAL SA","Sediu social","INVDN39060","Factura cumparare UE","2023-05-10","2023-05-15","PAKAI ANDREI","","ROINSBL3-CY","ROLAND TEXART INK 1L CY",2,"Buc",285,570,108.3,570]
["ATLAS DIGITAL SA","Sediu social","INVDN39060","Factura cumparare UE","2023-05-10","2023-05-15","PAKAI ANDREI","","ROINCMR-747","ROLAND UV PRIMER GLASS CMR-747 (1000 ml)",2,"Buc",210,420,79.8,420]
["ATLAS DIGITAL SA","Sediu social","INVDN39060","Factura cumparare UE","2023-05-10","2023-05-15","PAKAI ANDREI","","1000004546","ROLAND ASSY,CAP-TOP 2 XC-540 (UV ink)",10,"Buc",136.5,1365,259.35000000000002,1365]
["ATLAS DIGITAL SA","Sediu social","INVDN39060","Factura cumparare UE","2023-05-10","2023-05-15","PAKAI ANDREI","","1000006736","ROLAND WIPER,HEAD FELT VS-640",20,"Buc",45.5,910,172.9,910]
["ATLAS DIGITAL SA","Sediu social","INVDN39060","Factura cumparare UE","2023-05-10","2023-05-15","PAKAI ANDREI","","ROINSBL3-BK","ROLAND TEXART INK 1L BK",1,"Buc",285,285,54.15,285]
["ATLAS DIGITAL SA","Sediu social","INVDN39060","Factura cumparare UE","2023-05-10","2023-05-15","PAKAI ANDREI","","6700049030","ROLAND ASSY,SCAN MOTOR SJ-1045",1,"Buc",2431,2431,461.9,2431]
["ATLAS DIGITAL SA","Sediu social","INVDN39060","Factura cumparare UE","2023-05-10","2023-05-15","PAKAI ANDREI","","ROINEUV5-5BK","ROLAND EUV5 INK BK 500cc",1,"Buc",450,450,85.5,450]
["ATLAS DIGITAL SA","Sediu social","INVDN39060","Factura cumparare UE","2023-05-10","2023-05-15","PAKAI ANDREI","","ROINEUV5-5GL","ROLAND EUV5 INK GL 500cc",1,"Buc",450,450,85.5,450]
["ATLAS DIGITAL SA","Sediu social","INVDN39060","Factura cumparare UE","2023-05-10","2023-05-15","PAKAI ANDREI","","ROINEUV5-WH","ROLAND EUV5 INK WH 220cc",1,"Buc",230,230,43.7,230]
["ATLAS DIGITAL SA","Sediu social","INVDN39060","Factura cumparare UE","2023-05-10","2023-05-15","PAKAI ANDREI","","1000012719","ROLAND DAMPER,INK VS-640_1",10,"Buc",276.25,2762.5,524.9,2762.5]
["ATLAS DIGITAL SA","Sediu social","INVDN39060","Factura cumparare UE","2023-05-10","2023-05-15","PAKAI ANDREI","","6701409200","ROLAND ASSY,CAP-TOP VS-640_01",10,"Buc",227.5,2275,432.25,2275]
["ATLAS DIGITAL SA","Sediu social","INVDN39060","Factura cumparare UE","2023-05-10","2023-05-15","PAKAI ANDREI","","ROINESL4-4BK","ROLAND MAX2 ESL4-440 BK",6,"Buc",395,2370,450.3,2370]
["ATLAS DIGITAL SA","Sediu social","INVDN39060","Factura cumparare UE","2023-05-10","2023-05-15","PAKAI ANDREI","","ROINESL4-4YE","ROLAND MAX2 ESL4-440 YE",3,"Buc",395,1185,225.15,1185]
["ATLAS DIGITAL SA","Sediu social","INVDN39060","Factura cumparare UE","2023-05-10","2023-05-15","PAKAI ANDREI","","ROCAZEC-U5022-SET","ROLAND CUTTING BLADE ZEC-U5022 55°/0.25, 2pcs",10,"Buc",165.75,1657.5,314.95,1657.5]
["ATLAS DIGITAL SA","Sediu social","INVDN39060","Factura cumparare UE","2023-05-10","2023-05-15","PAKAI ANDREI","","1000006822","ROLAND CABLE-CARD,15P1 2850L",2,"Buc",104,208,39.5,208]
["ATLAS DIGITAL SA","Sediu social","INV0001938","Factura cumparare UE","2023-05-22","2023-05-27","PAKAI ANDREI","","ROEQ-LEC2640S-F300","ROLAND LEC2-640S-F300 UV FLATBED PRINTER 1615x2500",1,"Buc",242400,242400,46056,242400]
["ATLAS DIGITAL SA","Sediu social","INVDN39507","Factura cumparare UE","2023-05-30","2023-06-04","PAKAI ANDREI","","ROEQ-GS224","ROLAND GS2-24 VINYL CUTTER",1,"Buc",5246.29,5246.29,996.8,5246.29]
["ATLAS DIGITAL SA","Sediu social","INVDN39507","Factura cumparare UE","2023-05-30","2023-06-04","PAKAI ANDREI","","ROINTE2-5YE","ROLAND TE2 INK YE 500cc",5,"Buc",206.23,1031.1500000000001,195.92,1031.1500000000001]
["ATLAS DIGITAL SA","Sediu social","INVDN39507","Factura cumparare UE","2023-05-30","2023-06-04","PAKAI ANDREI","","ROINESL4-4YE","ROLAND MAX2 ESL4-440 YE",3,"Buc",397.37,1192.1099999999999,226.5,1192.1099999999999]
["ATLAS DIGITAL SA","Sediu social","INVDN39507","Factura cumparare UE","2023-05-30","2023-06-04","PAKAI ANDREI","","1000015570","ROLAND CABLE-CARD,15P1 2730L BB HIGH-V",1,"Buc",117.7,117.7,22.38,117.7]
["ATLAS DIGITAL SA","Sediu social","INVDN39507","Factura cumparare UE","2023-05-30","2023-06-04","PAKAI ANDREI","","6701409010","ROLAND ASSY,HEAD INKJET VS-640",2,"Buc",7318.65,14637.3,2781.09,14637.3]
["ATLAS DIGITAL SA","Sediu social","INVDN39507","Factura cumparare UE","2023-05-30","2023-06-04","PAKAI ANDREI","","ROINEUV4-BK","ROLAND EUV4 BK",3,"Buc",301.8,905.4,172.03,905.4]
["ATLAS DIGITAL SA","Sediu social","INVDN39507","Factura cumparare UE","2023-05-30","2023-06-04","PAKAI ANDREI","","ROCAXD-CH3","ROLAND XD-CH3",6,"Buc",241.44,1448.64,275.24,1448.64]
["ATLAS DIGITAL SA","Sediu social","INVDN39507","Factura cumparare UE","2023-05-30","2023-06-04","PAKAI ANDREI","","ROINESL3-4MG","ROLAND ESL3-440 MG",3,"Buc",397.37,1192.1099999999999,226.5,1192.1099999999999]
["ATLAS DIGITAL SA","Sediu social","INVDN39507","Factura cumparare UE","2023-05-30","2023-06-04","PAKAI ANDREI","","ROINTE2-7BK","ROLAND TE2 INK BK 750cc",1,"Buc",286.70999999999998,286.70999999999998,54.47,286.70999999999998]
["ATLAS DIGITAL SA","Sediu social","INVDN39507","Factura cumparare UE","2023-05-30","2023-06-04","PAKAI ANDREI","","ROINESL3-4YE","ROLAND ESL3-440 YE",2,"Buc",397.37,794.74,151,794.74]
["ATLAS DIGITAL SA","Sediu social","INVDN39507","Factura cumparare UE","2023-05-30","2023-06-04","PAKAI ANDREI","","ROINEUV-PR","ROLAND EUV PR",3,"Buc",331.98,995.94,189.23,995.94]
["ATLAS DIGITAL SA","Sediu social","INVDN39507","Factura cumparare UE","2023-05-30","2023-06-04","PAKAI ANDREI","","ROINESL3-4CY","ROLAND ESL3-440 CY",2,"Buc",397.37,794.74,151,794.74]
["ATLAS DIGITAL SA","Sediu social","INVDN39507","Factura cumparare UE","2023-05-30","2023-06-04","PAKAI ANDREI","","ROINESL4-4LC","ROLAND MAX2 ESL4-440 LC",2,"Buc",397.37,794.74,151,794.74]
["ATLAS DIGITAL SA","Sediu social","INVDN39507","Factura cumparare UE","2023-05-30","2023-06-04","PAKAI ANDREI","","ROINCMR-790","ROLAND UV PRIMER METAL CMR-790 (1000 ml)",3,"Buc",115.69,347.07,65.94,347.07]
["ATLAS DIGITAL SA","Sediu social","INVDN39507","Factura cumparare UE","2023-05-30","2023-06-04","PAKAI ANDREI","","23475238","ROLAND CABLE-CARD,15P1 2570L BB",4,"Buc",88.28,353.11,67.099999999999994,353.11]
["ATLAS DIGITAL SA","Sediu social","INVDN39507","Factura cumparare UE","2023-05-30","2023-06-04","PAKAI ANDREI","","1000015036","ROLAND WIPER,HEAD FOR UV INK",10,"Buc",49.04,490.43,93.21,490.43]
["ATLAS DIGITAL SA","Sediu social","INVDN39507","Factura cumparare UE","2023-05-30","2023-06-04","PAKAI ANDREI","","1000007739","ROLAND PAD,CUTTER BN-20",2,"Buc",32.700000000000003,65.39,12.42,65.39]
["ATLAS DIGITAL SA","Sediu social","INVDN39507","Factura cumparare UE","2023-05-30","2023-06-04","PAKAI ANDREI","","1000015305","ROLAND P-ROLLER FD16S4(B10) TYPE5 SG-VG-XR",4,"Buc",156.94,627.74,119.26,627.74]
["ATLAS DIGITAL SA","Sediu social","INVDN39507","Factura cumparare UE","2023-05-30","2023-06-04","PAKAI ANDREI","","ROINEUV5-5MG","ROLAND EUV5 INK MG 500cc",3,"Buc",452.7,1358.1,258.04000000000002,1358.1]
["ATLAS DIGITAL SA","Sediu social","INVDN39507","Factura cumparare UE","2023-05-30","2023-06-04","PAKAI ANDREI","","ROINEUV5-WH","ROLAND EUV5 INK WH 220cc",3,"Buc",231.38,694.14,131.88999999999999,694.14]
["ATLAS DIGITAL SA","Sediu social","INVDN39507","Factura cumparare UE","2023-05-30","2023-06-04","PAKAI ANDREI","","ROINEUV5S-UD-PR","ROLAND EUV5 DECAL PRIMER 220cc",1,"Buc",326.95,326.95,62.12,326.95]
["ATLAS DIGITAL SA","Sediu social","INVDN39507","Factura cumparare UE","2023-05-30","2023-06-04","PAKAI ANDREI","","ROCAZEC-U5022-SET","ROLAND CUTTING BLADE ZEC-U5022 55°/0.25, 2pcs",5,"Buc",166.74,833.72,158.38999999999999,833.72]
["ATLAS DIGITAL SA","Sediu social","INVDN39507","Factura cumparare UE","2023-05-30","2023-06-04","PAKAI ANDREI","","6000005975","ROLAND ASSY,IJ HEAD SOL 200L SV2 VG-640 ",1,"Buc",2432.5100000000002,2432.5100000000002,462.16,2432.5100000000002]
["ATLAS DIGITAL SA","Sediu social","INVDN39507","Factura cumparare UE","2023-05-30","2023-06-04","PAKAI ANDREI","","ROINEUV5-5BK","ROLAND EUV5 INK BK 500cc",1,"Buc",452.7,452.7,86.01,452.7]
["ATLAS DIGITAL SA","Sediu social","INVDN39507","Factura cumparare UE","2023-05-30","2023-06-04","PAKAI ANDREI","","ROINEUV5-5CY","ROLAND EUV5 INK CY 500cc",2,"Buc",452.7,905.4,172.03,905.4]
["ATLAS DIGITAL SA","Sediu social","INVDN39507","Factura cumparare UE","2023-05-30","2023-06-04","PAKAI ANDREI","","ROINEUV5-5YE","ROLAND EUV5 INK YE 500cc",2,"Buc",452.7,905.4,172.03,905.4]
["ATLAS DIGITAL SA","Sediu social","INVDN39507","Factura cumparare UE","2023-05-30","2023-06-04","PAKAI ANDREI","","ROINEUV5-5GL","ROLAND EUV5 INK GL 500cc",2,"Buc",452.7,905.4,172.03,905.4]
["ATLAS DIGITAL SA","Sediu social","INVDN39507","Factura cumparare UE","2023-05-30","2023-06-04","PAKAI ANDREI","","ROINEUV5-5OR","ROLAND EUV5 INK OR 500cc",1,"Buc",477.85,477.85,90.79,477.85]
["ATLAS DIGITAL SA","Sediu social","INVDN39507","Factura cumparare UE","2023-05-30","2023-06-04","PAKAI ANDREI","","ROINEUV5-5RE","ROLAND EUV5 INK RE 500cc",1,"Buc",477.85,477.85,90.79,477.85]
["BROTHER INT INDUSTRIEMASCHINEN GMBH","Sediu social","BR3140177316","Factura cumparare UE","2023-05-08","2023-05-13","PAKAI ANDREI","","BGCX60W018L0032","BROTHER GCX-6W18L WHITE 18L (GTX6)",1,"Buc",8565,8565,1627.35,8565]
["BROTHER INT INDUSTRIEMASCHINEN GMBH","Sediu social","BR3140177317","Factura cumparare UE","2023-05-08","2023-05-13","PAKAI ANDREI","","BGC3000W3811022","BROTHER GT-3 INK WHITE 380cc (2 pcs)",5,"Buc",1040,5200,988,5200]
["BROTHER INT INDUSTRIEMASCHINEN GMBH","Sediu social","BR3140177317","Factura cumparare UE","2023-05-08","2023-05-13","PAKAI ANDREI","","SC3007101","BROTHER PRINT HEAD IH2DS (GT3)",2,"Buc",3657.5,7315,1389.85,7315]
["BROTHER INT INDUSTRIEMASCHINEN GMBH","Sediu social","BR3140177317","Factura cumparare UE","2023-05-08","2023-05-13","PAKAI ANDREI","","N40001879","BROTHER MAINTENANCE KIT 25K (PRO BULK)",1,"Buc",1428,1428,271.3,1428]
["BROTHER INT INDUSTRIEMASCHINEN GMBH","Sediu social","BR3140177317","Factura cumparare UE","2023-05-08","2023-05-13","PAKAI ANDREI","","SB7108001","BROTHER K/C HEAD TUBE ASSY",2,"Buc",347.75,695.5,132.15,695.5]
["BROTHER INT INDUSTRIEMASCHINEN GMBH","Sediu social","BR3140177317","Factura cumparare UE","2023-05-08","2023-05-13","PAKAI ANDREI","","SB7109001","BROTHER Y/M HEAD TUBE ASSY",2,"Buc",348.8,697.6,132.55000000000001,697.6]
["BROTHER INT INDUSTRIEMASCHINEN GMBH","Sediu social","BR3140177317","Factura cumparare UE","2023-05-08","2023-05-13","PAKAI ANDREI","","SB5154101","BROTHER CARRIAGE PCB COVER (GTX)",1,"Buc",47.6,47.6,9.0500000000000007,47.6]
["BROTHER INT INDUSTRIEMASCHINEN GMBH","Sediu social","BR3140177317","Factura cumparare UE","2023-05-08","2023-05-13","PAKAI ANDREI","","SC0935001","BROTHER FLUSHING FOAM SET (PRO)",6,"Buc",59.5,357,67.849999999999994,357]
["BROTHER INT INDUSTRIEMASCHINEN GMBH","Sediu social","BR3140177007","Factura cumparare UE","2023-05-17","2023-05-22","PAKAI ANDREI","","BGCX60E018L0032","BROTHER GCX-6E18L CLEANING SOLUTION 18L (GTX6)",1,"Buc",1556.25,1556.25,295.7,1556.25]
["BROTHER INT INDUSTRIEMASCHINEN GMBH","Sediu social","BR314017708","Factura cumparare UE","2023-05-17","2023-05-22","PAKAI ANDREI","","BGCX40W07000022","BROTHER GTX INK WHITE 700cc (2 pcs)",30,"Buc",1224.55,36736.5,6979.95,36736.5]
["BROTHER INT INDUSTRIEMASCHINEN GMBH","Sediu social","BR314017708","Factura cumparare UE","2023-05-17","2023-05-22","PAKAI ANDREI","","BGC3000W3811022","BROTHER GT-3 INK WHITE 380cc (2 pcs)",5,"Buc",1040,5200,988,5200]
["BROTHER INT INDUSTRIEMASCHINEN GMBH","Sediu social","BR314017708","Factura cumparare UE","2023-05-17","2023-05-22","PAKAI ANDREI","","BGCX40Y07000112","BROTHER GTX INK YELLOW 700cc",4,"Buc",731.5,2926,555.95000000000005,2926]
["BROTHER INT INDUSTRIEMASCHINEN GMBH","Sediu social","BR314017708","Factura cumparare UE","2023-05-17","2023-05-22","PAKAI ANDREI","","BGC3000M3811002","BROTHER GT-3 INK MAGENTA 380cc",3,"Buc",619.5,1858.5,353.1,1858.5]
["BROTHER INT INDUSTRIEMASCHINEN GMBH","Sediu social","BR314017708","Factura cumparare UE","2023-05-17","2023-05-22","PAKAI ANDREI","","BGC3000K3810002","BROTHER GT-3 INK BLACK 380cc",3,"Buc",619.5,1858.5,353.1,1858.5]
["BROTHER INT INDUSTRIEMASCHINEN GMBH","Sediu social","BR314017708","Factura cumparare UE","2023-05-17","2023-05-22","PAKAI ANDREI","","BGC3000C3811002","BROTHER GT-3 INK CYAN 380cc",2,"Buc",619.5,1239,235.4,1239]
["BROTHER INT INDUSTRIEMASCHINEN GMBH","Sediu social","BR314017708","Factura cumparare UE","2023-05-17","2023-05-22","PAKAI ANDREI","","BGC5000S5K10002","BROTHER GT-3 MAINT. SOL 5L",2,"Buc",428,856,162.65,856]
["BROTHER INT INDUSTRIEMASCHINEN GMBH","Sediu social","BR314017708","Factura cumparare UE","2023-05-17","2023-05-22","PAKAI ANDREI","","SB5677701","BROTHER FULL MAINTENANCE KIT (GT3)",4,"Set",189,756,143.65,756]
["BROTHER INT INDUSTRIEMASCHINEN GMBH","Sediu social","BR314017708","Factura cumparare UE","2023-05-17","2023-05-22","PAKAI ANDREI","","N40000393","BROTHER PALL-LCF12100 FILTER 10MY (COLOR)",6,"Buc",38.5,231,43.9,231]
["BROTHER INT INDUSTRIEMASCHINEN GMBH","Sediu social","BR314017708","Factura cumparare UE","2023-05-17","2023-05-22","PAKAI ANDREI","","SB3229201","BROTHER GREASE EM-30L",2,"Buc",115.5,231,43.9,231]
["BROTHER INT INDUSTRIEMASCHINEN GMBH","Sediu social","BR314017708","Factura cumparare UE","2023-05-17","2023-05-22","PAKAI ANDREI","","SB4790001","BROTHER CARRIAGE PCB ASSY (GTX)",1,"Buc",349.65,349.65,66.45,349.65]
["BROTHER INT INDUSTRIEMASCHINEN GMBH","Sediu social","BR314017708","Factura cumparare UE","2023-05-17","2023-05-22","PAKAI ANDREI","","SB2665001","BROTHER ENCODER STRIP (GT3/GTX)",1,"Buc",200.75,200.75,38.15,200.75]
["BROTHER INT INDUSTRIEMASCHINEN GMBH","Sediu social","BR3140177853","Factura cumparare UE","2023-05-30","2023-06-04","PAKAI ANDREI","","BGC3000Y3810002","BROTHER GT-3 INK YELLOW 380cc",4,"Buc",623.22,2492.87,473.62,2492.87]
["BROTHER INT INDUSTRIEMASCHINEN GMBH","Sediu social","BR3140177853","Factura cumparare UE","2023-05-30","2023-06-04","PAKAI ANDREI","","BGCX40Y07000112","BROTHER GTX INK YELLOW 700cc",8,"Buc",735.89,5887.11,1118.57,5887.11]
["ISOCARBO SRL","Sediu social","A1011","Factura cumparare UE","2023-05-08","2023-05-08","PAKAI ANDREI","","STE44274S&F.001K","ISONIK ST-E44 EVO ISO BK (1 KG)",11,"Buc",125,1375,261.25,1375]
["ISOCARBO SRL","Sediu social","A1011","Factura cumparare UE","2023-05-08","2023-05-08","PAKAI ANDREI","","STE44230S&F.001K","ISONIK ST-E44 EVO CY (1 KG)",11,"Buc",125,1375,261.25,1375]
["ISOCARBO SRL","Sediu social","A1011","Factura cumparare UE","2023-05-08","2023-05-08","PAKAI ANDREI","","STE44210S&F.001K","ISONIK ST-E44 EVO MG (1 KG)",8,"Buc",125,1000,190,1000]
["ISOCARBO SRL","Sediu social","A1011","Factura cumparare UE","2023-05-08","2023-05-08","PAKAI ANDREI","","STE44200S&F.001K","ISONIK ST-E44 EVO YE (1 KG)",6,"Buc",125,750,142.5,750]
["IVERSEN GRAPHIC S.L.U.","Sediu social","20230334","Factura cumparare UE","2023-05-16","2023-05-16","","","IG-DTF2SRA3","IG DTF FILM D-LUX PRO, A3 (250 SHEETS)",12,"Buc",353.95,4247.3999999999996,807,4247.3999999999996]
["IVERSEN GRAPHIC S.L.U.","Sediu social","20230334","Factura cumparare UE","2023-05-16","2023-05-16","","","IG-75RPU80200-2","IG DTF POWDER PU75 2KG",1,"Buc",0,0,0,0]
["IVERSEN GRAPHIC S.L.U.","Sediu social","20230334","Factura cumparare UE","2023-05-16","2023-05-16","","","IG-60PU80200-2","IG DTF POWDER PU60 2KG",1,"Buc",0,0,0,0]
["STAHLS EUROPE GMBH","Sediu social","ST0198945","Factura cumparare UE","2023-05-19","2023-05-19","PAKAI ANDREI","","STL-142082","ST HOTRONIX AIR FUSION 40x50",4,"Buc",19395,77580,14740.2,77580]
["WALTER SCHULZE GMBH","Sediu social","RE23020295","Factura cumparare UE","2023-05-08","2023-05-08","PAKAI ANDREI","","SCH-73454","SCH DTF FILM PREMIUM, A3 MATT-GLOSS HOTPEEL (100 SHEETS)",10,"Buc",213.9,2139,406.4,2139]
[{"$nulls":13},{"$f":"SUBTOTAL(9,N109:N109)","v":2139},{"$f":"SUBTOTAL(9,O109:O109)","v":406.4},{"$f":"SUBTOTAL(9,P109:P109)","v":2139}]